Wars Involving Ukraine - Statistics

General Stats
  • This quiz has been taken 147 times
  • The average score is 6 of 15
Answer Stats
Year Ukrainian Government Allies Enemies Result Answer % Correct
1918 Ukrainian State Central Powers Entente Powers Defeat World War 1
94%
1941-1945 Organization of Ukrainian NationalistsUkrainian Insurgent Army Ukrainian People's Revolutionary Army None GermanyPolish Resistance Soviet Union Various Results World War 2
89%
1917-1923 Ukrainian National RepublicGreen Ukraine PolandFinland Entente Powers Central Powers Soviet Union Russian SFSRUkrainian SSR Byelorussian SSR Transcaucasian SSR Soviet Hungary Russian Anarchists Defeat Russian Civil War
57%
2022-Present Ukraine Various Foreign Volunteers RussiaBelarus
Donetsk Luhansk
Ongoing Russian Invasion of Ukraine
52%
2005-2008 Ukraine IraqUS Led Coalition Ba'ath LoyalistsSunni Rebels Shia Rebels Withdrawal Iraq War
47%
2014-Present Ukraine Georgian Volunteers RussiaDonetsk Luhansk Ongoing Donbas War
46%
2001-2021 Ukraine AfghanistanUS Led Coalition AfghanistanTaliban Al-Qaeda Islamic State Various Islamic Extremists Defeat Afghan War
41%
2014 Ukraine None Russia Defeat Russian Invasion of Crimea
40%
1992-2001 Ukraine CroatiaSlovenia Bosnia Kosovo NATO YugoslaviaSerbian Krajina Republic of Srpska Western Bosnia Withdrawl Yugoslav Wars
39%
1917-1921 Ukrainian National Republic Germany Russian SFSRUkrainian SSR Defeat Ukrainian-Soviet War
24%
1919-1921 Ukrainian National Republic Poland Russian SFSRUkrainian SSR Byelorussian SSR Polrewkom Defeat Polish-Soviet War
22%
1918-1919 Ukrainian National Republic Komancza Republic Hutsul Republic None PolandRomania Hungary Czechoslovakia Defeat Polish-Ukrainian War
18%
1994-1997 Ukraine Tajikistan RussiaUzbekistan Kazakhstan Kyrgyzstan UNMOT Tajik Opposition Afghanistan Taliban Islamic Extremists Victory Tajikistani Civil War
11%
1919 Hutsul Republic None Hungary Victory Hutsul Uprising
4%
1939 Carpatho Ukraine None Hungary Defeat Hungarian Occupation of Carpathian Ukraine
3%
No matching quizzes found
Score Distribution
Percent of People with Each Score
Percentile by Number Answered
Your Score History
You have not taken this quiz